1804-金沢市(石川県)の駅 - Statistics

General Stats
  • This quiz has been taken 32 times
  • The average score is 13 of 21
Answer Stats
Answer % Correct
西金沢
100%
金沢
100%
東金沢
100%
森本
83%
北鉄金沢
83%
野町
83%
蚊爪
71%
新西金沢
71%
七ツ屋
58%
西泉
58%
上諸江
50%
割出
50%
大河端
50%
額住宅前
46%
四十万
46%
磯部
42%
三ツ屋
42%
三口
38%
北間
38%
馬替
33%
乙丸
29%
No matching quizzes found
Score Distribution
Percent of People with Each Score
Percentile by Number Answered
Your Score History
You have not taken this quiz